banner-ar

INTEGRATED STORM WATER MANAGEMENT / (Record no. 23578)

MARC details
000 -الفاتح
حقل البيانات ثابتة الطول 00530nam a2200205Ia 4500
008 - عناصر البيانات ثابتة الطول - معلومات عامة
حقل البيانات ثابتة الطول 140319s9999 xx 000 0 eng d
040 ## - مصدر الفهرسة
وكالة الفهرسة الأصلية GCL /
وكالة النسخ GCL
082 04 - رقم تصنيف ديوى العشرى
رقم التصنيف 628.21
رقم المادة F I
100 1# - المدخل الرئيسى - إسم شخصى
الإسم الشخصى FIELD, RICHARD
245 10 - بيان العنوان
العنوان INTEGRATED STORM WATER MANAGEMENT /
بيان المسئوليه,etc FIELD, RICHARD
700 1# - المدخل الاضافى - اسم شخصى
الإسم الشخصى OSHEA, MARIE L.
700 1# - المدخل الاضافى - اسم شخصى
الإسم الشخصى CHIN, KEE KEAN
300 ## - الوصف المادى
التعداد 383 P
650 04 - المدخل الاضافى بالموضوع-مصطلح موضوعى
مصطلح موضوعي STORM SEWERS
650 04 - المدخل الاضافى بالموضوع-مصطلح موضوعى
مصطلح موضوعي WATER QUALITY MANAGEMENT
650 04 - المدخل الاضافى بالموضوع-مصطلح موضوعى
مصطلح موضوعي URBAN RUNOFF
942 ## - عناصر المدخل الإضافي( كوها)
مصدر التصنيف او مخطط الترفيف Dewey Decimal Classification
Koha [default] item type كتاب
260 ## - PUBLICATION, DISTRIBUTION, ETC. (IMPRINT)
-- [S.N] :
-- LEWIS PUBLISHRS
Holdings
حالة التراجع حالة الفقد حالة تلف ليس للاعارة المكان المؤقت الموقع الحالى تاريخ الاكتساب اجمالي اﻻعارات رقم الطلب الباركود تاريخ اخر مشاهدة تاريخ تفعيل السعر نوع وعاء كوها
        مكتبة القاهرة الكبرى مكتبة القاهرة الكبرى 03/26/2014   628.21\F I 42009 03/26/2014 03/26/2014 كتاب

Powered By

EGPV